[Event "AUTO-MASTER-1043"]
[Site "http://www.queenalice.com/game.php?id=731668"]
[Date "2010.2.14"]
[Round "1"]
[White "Rutty"]
[Black "jordanes"]
[Result "0-1"]
[WhiteElo "1996"]
[BlackElo "2207"]

1. e4 d5 2. e5 c5 3. Nf3 Nc6 4. Bb5 Bd7 5. Bxc6 Bxc6 6. d4 e6 7. c3 cxd4 8. cxd4
Ne7 9. O-O Ng6 10. Bg5 Qb6 11. b3 Bb4 12. a3 Be7 13. Bxe7 Nxe7 14. Nc3 O-O 15.
b4 Bb5 16. Re1 Rac8 17. Nxb5 Qxb5 18. Qd2 Rc4 19. Rec1 Rfc8 20. h3 Qc6 21. Rxc4
dxc4 22. Qc2 h6 23. a4 a6 24. a5 c3 25. Ra3 Nd5 26. Rb3 Qc4 27. Ne1 Nxb4 28. Qb1
c2 29. Nxc2 Nxc2 30. Rxb7 Nxd4 0-1

[Event "AUTO-MASTER-1043"]
[Site "http://www.queenalice.com/game.php?id=731669"]
[Date "2010.2.14"]
[Round "1"]
[White "jordanes"]
[Black "Rutty"]
[Result "1-0"]
[WhiteElo "2187"]
[BlackElo "2016"]

1. e4 e5 2. Nf3 Nc6 3. Bc4 Bc5 4. c3 Nf6 5. d3 O-O 6. O-O d6 7. h3 Be6 8. Bb5 a6
9. Ba4 b5 10. Bc2 h6 11. d4 Bxh3 12. gxh3 exd4 13. cxd4 Bb6 14. e5 Nh5 15. Qd3
g6 16. Bxh6 Re8 17. Bb3 d5 18. Nc3 Ne7 19. Rae1 Nf5 20. Bg5 Qd7 21. Nxd5 Ba7 22.
Nh4 Nxd4 23. Nf6+ Nxf6 24. Qxg6+ 1-0

[Event "AUTO-MASTER-1043"]
[Site "http://www.queenalice.com/game.php?id=731682"]
[Date "2010.2.14"]
[Round "1"]
[White "jordanes"]
[Black "mandaragit"]
[Result "0-1"]
[WhiteElo "2232"]
[BlackElo "2224"]

1. e4 e6 2. d4 d5 3. e5 c5 4. Bb5+ Nc6 5. Bxc6+ bxc6 6. c3 Ne7 7. Nf3 cxd4 8.
cxd4 Ba6 9. Nc3 Nf5 10. Ne2 Qb6 11. g4 Bb4+ 12. Nc3 Ne7 13. Bd2 h5 14. Rg1 hxg4
15. Rxg4 Nf5 16. a3 Be7 17. b4 Rh3 18. Rc1 Kd7 19. Bf4 Bc4 20. Na4 Qa6 21. Rc3
g6 22. Nb2 Bb5 23. Bg5 Bxg5 24. Rxg5 Qb6 25. Rg4 Rah8 26. Nd3 a5 27. Nc5+ Ke7
28. Qc1 axb4 29. axb4 Bc4 30. Rxg6 fxg6 0-1

[Event "AUTO-MASTER-1043"]
[Site "http://www.queenalice.com/game.php?id=731683"]
[Date "2010.2.14"]
[Round "1"]
[White "mandaragit"]
[Black "jordanes"]
[Result "0-1"]
[WhiteElo "2270"]
[BlackElo "2262"]

1. d4 Nf6 2. c4 e6 3. Nc3 Bb4 4. e3 Bxc3+ 5. bxc3 d5 6. cxd5 exd5 7. Bd3 O-O 8.
Ne2 Re8 9. f3 Nbd7 10. O-O c5 11. Ng3 cxd4 12. exd4 Nb6 13. Bg5 h6 14. Bf4 Be6
15. Nf5 Bxf5 16. Bxf5 Nc4 17. Qc1 Nd6 18. Bd3 a6 19. g4 Rc8 20. Bxh6 gxh6 21.
Qxh6 Re6 22. g5 Nfe4 23. Qh3 Qxg5+ 24. Kh1 Rh6 0-1

[Event "AUTO-MASTER-1043"]
[Site "http://www.queenalice.com/game.php?id=731684"]
[Date "2010.2.14"]
[Round "1"]
[White "jordanes"]
[Black "xuricat"]
[Result "1-0"]
[WhiteElo "2136"]
[BlackElo "2016"]

1. e4 c5 2. Nf3 d6 3. d4 cxd4 4. Nxd4 Nf6 5. Nc3 g6 6. Be3 Bg7 7. Be2 O-O 8. O-O
Nc6 9. Re1 a6 10. Qd2 Bd7 11. Rad1 Rc8 12. a3 Ne5 13. h3 Nc4 14. Bxc4 Rxc4 15.
Nd5 Nxd5 16. exd5 Qc8 17. c3 h5 18. Bh6 Re8 19. Bxg7 Kxg7 20. Re3 Rc5 21. Ne2
Ba4 22. Qd4+ Kg8 23. Qxa4 b5 24. Qh4 Qb7 25. Nf4 1-0

[Event "AUTO-MASTER-1043"]
[Site "http://www.queenalice.com/game.php?id=731685"]
[Date "2010.2.14"]
[Round "1"]
[White "xuricat"]
[Black "jordanes"]
[Result "0-1"]
[WhiteElo "2018"]
[BlackElo "2164"]

1. e4 d5 2. Nf3 dxe4 3. Ng5 Qd5 4. d4 exd3 5. Qxd3 Nf6 6. Nc3 Qxd3 7. Bxd3 c6 8.
O-O e6 9. Bf4 Be7 10. Rad1 O-O 11. Nce4 Nbd7 12. Rfe1 h6 13. Nf3 Nxe4 14. Bxe4
Nf6 15. Bd3 Nd5 16. Bd2 b5 17. Ne5 Bb7 18. Re4 c5 19. Rg4 Nf6 20. Rg3 Bd6 21.
Bxh6 Bxe5 22. Rxg7+ Kh8 23. Rg5 Rg8 24. Rxe5 Rxg2+ 25. Kf1 Rxh2 26. Bg5 Ng4 27.
Rxc5 Bf3 28. Ke1 Rh1+ 0-1

[Event "Challenge #01"]
[Site "http://www.queenalice.com/game.php?id=738344"]
[Date "2010.2.27"]
[Round "-"]
[White "Aylton"]
[Black "jordanes"]
[Result "0-1"]
[WhiteElo "1936"]
[BlackElo "2256"]

1. d4 Nf6 2. Nf3 b6 3. e3 Bb7 4. c4 e6 5. Nc3 d5 6. a3 Be7 7. Be2 O-O 8. O-O c5
9. dxc5 Bxc5 10. b4 Bd6 11. cxd5 Nxd5 12. Nxd5 Bxd5 13. Bb2 Nc6 14. h3 Rc8 15.
Rc1 Qe7 16. Ba6 Rc7 17. Nd4 Nxd4 18. Qxd4 f6 19. Rxc7 Bxc7 20. f4 Rd8 21. Qc3 e5
22. f5 Kh8 23. Rc1 Bb8 24. Qc2 e4 25. g4 h6 26. Bd4 Qd6 27. Qg2 Rd7 28. Rc8+ Kh7
29. Kf1 Rc7 30. Rxc7 Qxc7 31. Qd2 Bc4+ 32. Bxc4 Qxc4+ 33. Ke1 Bg3+ 34. Kd1 Qf1+
35. Kc2 Qxh3 36. Qe2 Bd6 37. Kb3 h5 38. gxh5 Qxf5 39. a4 Kh6 40. Kc4 Qxh5 41.
Qxh5+ Kxh5 42. Kd5 Bxb4 43. Kxe4 Kg4 44. Kd5 Bc5 45. a5 Bxd4 46. exd4 bxa5 47.
Kc4 a4 48. d5 Kf5 49. Kc5 a3 50. d6 a2 0-1

[Event "Challenge #02"]
[Site "http://www.queenalice.com/game.php?id=738346"]
[Date "2010.2.27"]
[Round "-"]
[White "jordanes"]
[Black "Aylton"]
[Result "1-0"]
[WhiteElo "2229"]
[BlackElo "1923"]

1. e4 c5 2. Nf3 Nc6 3. d4 cxd4 4. Nxd4 e5 5. Nf3 d6 6. Bc4 h6 7. h3 Nf6 8. Nc3
Be7 9. O-O O-O 10. a3 a6 11. Re1 b5 12. Bd3 Be6 13. b4 Qc7 14. Bb2 Rfc8 15. Rc1
Qd7 16. Bf1 Rc7 17. Nd5 Bxd5 18. exd5 Nd8 19. c4 bxc4 20. Bxc4 Nb7 21. Qe2 a5
22. Bb5 Qd8 23. Bc6 axb4 24. axb4 Rb8 25. Nd2 Qc8 26. b5 Nc5 27. Rxc5 dxc5 28.
Bxe5 Bd8 29. Bxc7 Bxc7 30. Nc4 Qd8 31. Qe7 Nxd5 32. Bxd5 1-0

[Event "Challenge"]
[Site "http://www.queenalice.com/game.php?id=742692"]
[Date "2010.3.7"]
[Round "-"]
[White "jordanes"]
[Black "miltonloviski"]
[Result "1-0"]
[WhiteElo "2281"]
[BlackElo "1594"]

1. e4 e6 2. d4 d5 3. e5 c5 4. Bb5+ Bd7 5. Bxd7+ Nxd7 6. c3 Ne7 7. Nf3 Nc6 8. O-O
Qb6 9. Re1 Be7 10. b3 O-O 11. Bb2 Rac8 12. Nbd2 cxd4 13. cxd4 Nb4 14. Ba3 Rc6
15. Nf1 Rfc8 16. Bxb4 Bxb4 17. Re2 Ba3 18. h3 f5 19. exf6 Nxf6 20. Ne5 R6c7 21.
Rb1 Ne4 22. Rxe4 dxe4 23. Qg4 Rc1 24. Rxc1 Rxc1 25. Qf4 Qc7 26. Qxe4 Bd6 27. Nf3
Qf7 28. Ng5 Qf5 29. Qe3 Rd1 30. g4 Qd5 31. Qxe6+ Qxe6 32. Nxe6 Be7 33. Kg2 1-0

[Event "Challenge #03"]
[Site "http://www.queenalice.com/game.php?id=751566"]
[Date "2010.3.25"]
[Round "-"]
[White "Aylton"]
[Black "jordanes"]
[Result "0-1"]
[WhiteElo "1897"]
[BlackElo "2260"]

1. d4 Nf6 2. Nf3 b6 3. e3 Bb7 4. c4 e6 5. Nc3 Bb4 6. Bd2 O-O 7. a3 Bxc3 8. Bxc3
d5 9. Be2 Nbd7 10. O-O c5 11. dxc5 Nxc5 12. b4 Nce4 13. Bb2 Rc8 14. cxd5 Bxd5
15. Rc1 h6 16. Rxc8 Qxc8 17. Qa1 Qc6 18. Rc1 Qb7 19. b5 Rc8 20. a4 Rxc1+ 21.
Qxc1 Ng4 22. h3 Ngxf2 23. Bd4 Qb8 24. Nd2 Nxh3+ 0-1

[Event "Challenge #04"]
[Site "http://www.queenalice.com/game.php?id=751568"]
[Date "2010.3.25"]
[Round "-"]
[White "jordanes"]
[Black "Aylton"]
[Result "1-0"]
[WhiteElo "2280"]
[BlackElo "1845"]

1. e4 e6 2. d4 d5 3. e5 c5 4. Bb5+ Bd7 5. Bxd7+ Qxd7 6. c3 Nc6 7. Nf3 h6 8. O-O
O-O-O 9. a4 f5 10. a5 g5 11. dxc5 Bxc5 12. b4 Be7 13. b5 Nb8 14. Nd4 a6 15. bxa6
Nxa6 16. Ba3 Kb8 17. Bxe7 Nxe7 18. Na3 Ng6 19. Re1 Rde8 20. Nab5 Nc5 21. Rb1 Ne4
22. a6 b6 23. f3 Nc5 24. Nd6 Na4 25. Rb4 Nxc3 26. Rxb6+ Ka8 27. Qb3 Na4 28. Rc6
1-0